[Event "WCh w"]
[Site "Tirana ALB"]
[Date "2011.11.24"]
[Round "8"]
[White "Koneru, Humpy"]
[Black "Hou, Yifan"]
[Result "1/2-1/2"]
[WhiteElo "2600"]
[BlackElo "2578"]
[PlyCount "57"]
[EventDate "2011.11.14"]

1. d4 e6 2. c4 Nf6 3. Nf3 d5 4. Nc3 Bb4 5. Qa4+ Nc6 6. e3 O-O 7. Qc2 dxc4 8.
Bxc4 e5 {[%eval 39,0]} 9. a3 {[%eval 27,0]} Bd6 {[%eval 20,0]} 10. d5 {[%eval
29,0]} Ne7 {[%eval 27,0]} 11. O-O {[%eval 17,0]} a6 {[%eval 20,0]} 12. b4 {
[%eval 19,0]} Bd7 {[%eval 17,0]} 13. Bb2 {[%eval 18,0]} Ng6 {[%eval 22,0]} 14.
Ng5 {[%eval 29,0]} Qe7 {[%eval 25,0]} 15. Nge4 {[%eval 23,0]} Nxe4 {[%eval 24,
0]} 16. Nxe4 {[%eval 23,0]} Bf5 {[%eval 24,0]} 17. Bd3 {[%eval 24,0]} Bxe4 {
[%eval 20,0]} 18. Bxe4 {[%eval 19,0]} Qg5 {[%eval 18,0]} 19. Bxg6 {[%eval 14,0]
} hxg6 {[%eval 24,0]} 20. e4 {[%eval 30,0]} Rac8 {[%eval 24,0]} 21. Qc3 {
[%eval 30,0]} Qh4 {[%eval 29,0]} 22. f4 $6 {[%eval -1,0] [#]} f6 {[%eval -30,0]
} ({Did the Indian challenger hope against hope that her opponent would miss} 
22... exf4 $4 23. Qxg7# {Probably not, but now the white position is
compromised.}) 23. Qg3 {[%eval -32,0]} Qxg3 {[%eval -30,0]} 24. hxg3 {[%eval
-40,0]} Rfe8 {[%eval -38,0]} 25. fxe5 {[%eval -37,0]} Bxe5 {[%eval -41,0]} 26.
Bxe5 {[%eval -33,0]} Rxe5 {[%eval -59,0] "Hoovering the board", one of our
2800+ friends calls this. White can no longer hope to win.} 27. Rfe1 {[%eval
-70,0]} Kf7 {[%eval -45,0]} 28. Rac1 {[%eval -36,0]} Ke7 {[%eval -110,0]} 29.
Rc4 1/2-1/2